[Event "CRO-ch U13 Girls"]
[Site "Trogir"]
[Date "2023.06.23"]
[Round "5"]
[White "Paulic, Franka"]
[Black "Kosina, Helena"]
[Result "1-0"]
[WhiteElo "1169"]
[BlackElo "1188"]
[PlyCount "65"]
[EventDate "2023.06.21"]
[EventType "swiss"]
[EventRounds "9"]
[EventCountry "CRO"]
[SourceTitle "EXT 2024"]
[Source "ChessBase"]
[SourceDate "2023.10.10"]
[SourceVersion "1"]
[SourceVersionDate "2023.10.10"]
[SourceQuality "1"]

1. e4 c5 2. Nf3 d6 3. Bb5+ Nc6 4. d4 cxd4 5. Nxd4 Bd7 6. Nc3 Nf6 7. 0-0 g6 8. f3 Bg7 9. Be3 0-0 10. Nxc6 Bxc6 11. Bc4 a6 12. a4 Nd7 13. Bd4 Bxd4+ 14. Qxd4 Qb6 15. Qxb6 Nxb6 16. Bb3 Rfd8 17. f4 a5 18. f5 d5 19. fxg6 hxg6 20. exd5 Nxd5 21. Rad1 Ne3 22. Rxd8+ Rxd8 23. Rxf7 Nxg2 24. Rxe7+ Kh8 25. Ne4 Nf4 26. Nf6 Rd1+ 27. Kf2 Nh3+ 28. Ke2 Bf3+ 29. Kxf3 Rf1+ 30. Kg2 Rxf6 31. Kxh3 Rf3+ 32. Kg2 Rf5 33. Rxb7 1-0

[Event "CRO-ch U13 Girls"]
[Site "Trogir"]
[Date "2022.06.22"]
[Round "2"]
[White "Paulic, Franka"]
[Black "Hajdinic, Ema"]
[Result "0-1"]
[WhiteElo "1067"]
[BlackElo "1535"]
[PlyCount "122"]
[EventDate "2022.06.22"]
[EventType "swiss"]
[EventRounds "9"]
[EventCountry "CRO"]
[SourceTitle "CBM 209 Extra"]
[Source "ChessBase"]
[SourceDate "2022.09.30"]
[SourceVersion "1"]
[SourceVersionDate "2022.09.30"]
[SourceQuality "1"]

1. e4 c5 2. Nf3 e6 3. Nc3 Nc6 4. d4 cxd4 5. Nxd4 Nf6 6. Nxc6 bxc6 7. e5 Nd5 8. Ne4 Qc7 9. f4 Bb4+ 10. Bd2 Qb6 11. c3 Be7 12. Rb1 Ne3 13. Qc1 Nxf1 14. Rxf1 Ba6 15. Rf2 Bd3 16. Be3 Qb8 17. Ra1 Bxe4 18. Qd1 Qb5 19. Rd2 0-0 20. Qg4 Bc5 21. Bd4 Bxd4 22. cxd4 Qd5 23. b3 Bf5 24. Qg3 Qe4+ 25. Kf1 f6 26. Re1 Qd5 27. Qc3 Qb5+ 28. Kg1 Rab8 29. h3 Rbc8 30. g4 Bg6 31. Rf2 f5 32. g5 c5 33. Qd2 Qb4 34. Qxb4 cxb4 35. Rd2 Rc3 36. Kg2 Rfc8 37. Ree2 Bh5 38. Rf2 Re3 39. Rc2 Rcc3 40. h4 Rxc2 41. Rxc2 Re2+ 42. Rxe2 Bxe2 43. Kf2 Bb5 44. Ke3 Kf7 45. Kd2 Kg6 46. Kc2 Kh5 47. Kb2 Kxh4 48. a3 a5 49. axb4 axb4 50. Kc2 Kg4 51. Kd2 h6 52. Ke1 hxg5 53. fxg5 Kxg5 54. Kf2 Kh4 55. Kg2 g5 56. Kh2 f4 57. d5 f3 58. d6 f2 59. Kg2 f1Q+ 60. Kh2 Qf2+ 61. Kh1 Bc6# 0-1

[Event "CRO-ch U11"]
[Site "Trogir"]
[Date "2021.06.24"]
[Round "9"]
[White "Paulic, Franka"]
[Black "Benic, Katarina"]
[Result "1-0"]
[WhiteElo "1706"]
[BlackElo "1622"]
[PlyCount "81"]
[EventDate "2021.06.19"]
[EventType "swiss"]
[EventRounds "9"]
[EventCountry "CRO"]
[SourceTitle "EXT 2022"]
[Source "ChessBase"]
[SourceDate "2021.10.06"]
[SourceVersion "1"]
[SourceVersionDate "2021.10.06"]
[SourceQuality "1"]

1. e4 e5 2. Nf3 Nc6 3. Bb5 d6 4. Bxc6+ bxc6 5. d3 Bg4 6. h3 Bh5 7. b3 h6 8. Bb2 Nf6 9. Nbd2 Be7 10. 0-0 0-0 11. Qe1 Nh7 12. Qe3 Bg5 13. Nxg5 Nxg5 14. d4 f6 15. f4 Nf7 16. Nc4 c5 17. dxe5 Re8 18. exd6 cxd6 19. Qd3 d5 20. Qxd5 Qxd5 21. exd5 Re2 22. Rf2 Rae8 23. Raf1 R8e7 24. f5 Re8 25. g4 Ng5 26. Kh2 Bf7 27. Nd6 R8e3 28. Nxf7 Rxh3+ 29. Kg2 Kxf7 30. Rxe2 Rh4 31. Bc1 Rxg4+ 32. Kf2 Nh3+ 33. Ke1 Rd4 34. Rh2 Ng5 35. Bxg5 fxg5 36. Rd2 Re4+ 37. Kd1 h5 38. d6 Rd4 39. Rxd4 cxd4 40. Rg1 g4 41. Kd2 1-0

[Event "CRO-ch U11"]
[Site "Trogir"]
[Date "2021.06.23"]
[Round "7"]
[White "Paulic, Franka"]
[Black "Koncar, Klara"]
[Result "1/2-1/2"]
[WhiteElo "1706"]
[BlackElo "1615"]
[PlyCount "48"]
[EventDate "2021.06.19"]
[EventType "swiss"]
[EventRounds "9"]
[EventCountry "CRO"]
[SourceTitle "EXT 2022"]
[Source "ChessBase"]
[SourceDate "2021.10.06"]
[SourceVersion "1"]
[SourceVersionDate "2021.10.06"]
[SourceQuality "1"]

1. b3 e5 2. Bb2 Nc6 3. e3 Nf6 4. Bb5 d6 5. Bxc6+ bxc6 6. h3 Bf5 7. Nf3 Be7 8. c4 c5 9. 0-0 0-0 10. d4 cxd4 11. exd4 exd4 12. Nxd4 Be4 13. Nd2 Bb7 14. Re1 Re8 15. N4f3 Qd7 16. Qc2 h6 17. Re2 Nh5 18. Rae1 Bf6 19. Bxf6 Nxf6 20. Qc3 Nh5 21. Qd4 Rxe2 22. Rxe2 a6 23. Qh4 Nf6 24. g4 Nh7 1/2-1/2

[Event "CRO-ch U11 Girls"]
[Site "Trogir"]
[Date "2020.08.28"]
[Round "7"]
[White "Paulic, Franka"]
[Black "Zagorac, Lara"]
[Result "0-1"]
[WhiteElo "1734"]
[BlackElo "1285"]
[PlyCount "25"]
[EventDate "2020.08.24"]
[EventType "swiss"]
[EventRounds "9"]
[EventCountry "CRO"]
[SourceTitle "CBM 198 Extra"]
[Source "ChessBase"]
[SourceDate "2020.11.30"]
[SourceVersion "1"]
[SourceVersionDate "2020.11.30"]
[SourceQuality "1"]

1. e4 e5 2. Nc3 Nc6 3. Bc4 Bc5 4. Nf3 Nf6 5. d3 h6 6. Qe2 d6 7. h3 Be6 8. Bb3 Qd7 9. Be3 Bb6 10. Nd5 0-0 11. Nxb6 axb6 12. Bxe6 Qxe6 13. 0-0 0-1

[Event "CRO-ch U11 Girls"]
[Site "Trogir"]
[Date "2020.08.26"]
[Round "5"]
[White "Vucenovic, Diara"]
[Black "Paulic, Franka"]
[Result "1-0"]
[WhiteElo "1037"]
[BlackElo "1734"]
[PlyCount "85"]
[EventDate "2020.08.24"]
[EventType "swiss"]
[EventRounds "9"]
[EventCountry "CRO"]
[SourceTitle "CBM 198 Extra"]
[Source "ChessBase"]
[SourceDate "2020.11.30"]
[SourceVersion "1"]
[SourceVersionDate "2020.11.30"]
[SourceQuality "1"]

1. e4 e5 2. Nf3 Nc6 3. Bc4 h6 4. Nc3 Bc5 5. d3 Nf6 6. h3 d6 7. Bd2 Be6 8. Be3 Bb4 9. a3 Bxc3+ 10. bxc3 a6 11. Bb3 Qe7 12. Ba4 Bd7 13. Qb1 Na5 14. Qb4 b6 15. Nd2 c5 16. Bxd7+ Nxd7 17. Qb2 0-0 18. Qc1 Rab8 19. Rb1 Rfc8 20. Qd1 Qe6 21. Qf3 Qf6 22. Qg4 Qe6 23. Qg3 Qg6 24. Qh2 Re8 25. Rg1 Re6 26. g4 f6 27. h4 Rf8 28. g5 Qh5 29. gxh6 g5 30. Qg3 Qxh6 31. hxg5 fxg5 32. Bxg5 Qg6 33. Qh4 Rf7 34. Ke2 Qh7 35. Bh6+ Kh8 36. Qd8+ Nf8 37. Bxf8 Rxf2+ 38. Ke3 Qh3+ 39. Kxf2 Qh2+ 40. Rg2 Qf4+ 41. Nf3 Nc6 42. Bg7+ Kh7 43. Qh8# 1-0

[Event "CRO-ch U11 Girls"]
[Site "Trogir"]
[Date "2020.08.24"]
[Round "2"]
[White "Zagar, Lara Marija"]
[Black "Paulic, Franka"]
[Result "1-0"]
[WhiteElo "1854"]
[BlackElo "1734"]
[PlyCount "91"]
[EventDate "2020.08.24"]
[EventType "swiss"]
[EventRounds "9"]
[EventCountry "CRO"]
[SourceTitle "CBM 198 Extra"]
[Source "ChessBase"]
[SourceDate "2020.11.30"]
[SourceVersion "1"]
[SourceVersionDate "2020.11.30"]
[SourceQuality "1"]

1. e4 e5 2. Nf3 Nc6 3. d4 exd4 4. Nxd4 Nxd4 5. Qxd4 d6 6. Nc3 Be6 7. Be3 Nf6 8. 0-0-0 Be7 9. Be2 h6 10. Nd5 c6 11. Nxe7 Kxe7 12. f4 Bxa2 13. b3 c5 14. Qa4 Bxb3 15. Qxb3 Qb6 16. Qxb6 axb6 17. Bf3 Ra1+ 18. Kb2 Rxd1 19. Rxd1 Rb8 20. e5 dxe5 21. fxe5 Nd7 22. Bf4 Rd8 23. Bxb7 g5 24. Bg3 Ke6 25. Rd6+ Ke7 26. h4 gxh4 27. Bxh4+ f6 28. Bxf6+ Nxf6 29. Rxd8 Kxd8 30. exf6 Ke8 31. Bd5 Kf8 32. Kb3 h5 33. Ka4 h4 34. Kb5 h3 35. gxh3 c4 36. h4 c3 37. h5 Ke8 38. h6 Kd7 39. h7 Kd6 40. h8Q Kxd5 41. f7 Ke4 42. f8R Ke3 43. Qe5+ Kd2 44. Rf2+ Kd1 45. Qxc3 Kc1 46. Rf1# 1-0